| 000 | 00354nam a22001457a 4500 | ||
|---|---|---|---|
| 008 | 230518b ||||| |||| 00| 0 eng d | ||
| 020 | _a0131437453 | ||
| 041 | _aeng | ||
| 080 |
_2SEVENTH EDITION _a311 |
||
| 082 | _a311JOH | ||
| 100 | _a25 | ||
| 101 | _aSTATISTIK | ||
| 245 |
_aPROBABILITY AND STATISTICS FOR ENGINEERS _cJOHNSON.A.R |
||
| 942 |
_2udc _cBK |
||
| 999 |
_c59779 _d59779 |
||